[Event "BRA-ch 90th"]
[Site "Natal"]
[Date "2024.12.15"]
[Round "4"]
[White "Macedo, Maximo Ian Farias D"]
[Black "Mathias, Carlos Augusto De C"]
[Result "0-1"]
[WhiteElo "1413"]
[BlackElo "1701"]
[PlyCount "70"]
[EventDate "2024.12.13"]
[EventType "swiss"]
[EventRounds "11"]
[EventCountry "BRA"]
[SourceTitle "CB52_2024"]
[SourceDate "2024.12.25"]
[SourceVersion "1"]
[SourceVersionDate "2024.12.25"]
[SourceQuality "1"]

1. c4 Nf6 2. e3 b6 3. Nf3 Bb7 4. Nc3 e6 5. d4 Bb4 6. Bd2 Bxc3 7. Bxc3 0-0 8. Bd3 d6 9. 0-0 Nbd7 10. Qe2 Ne4 11. Bxe4 Bxe4 12. Nd2 Bb7 13. e4 d5 14. exd5 exd5 15. Rfd1 Qg5 16. Nf3 Qg6 17. b3 dxc4 18. bxc4 Nf6 19. d5 Rfe8 20. Qd2 Ne4 21. Qc2 Nxc3 22. Qxc3 h6 23. Qd2 Qd6 24. Re1 Rxe1+ 25. Qxe1 Kf8 26. Nd4 Qc5 27. Rc1 Re8 28. Qc3 Bxd5 29. Nf5 f6 30. h3 Bf7 31. Nd4 a6 32. Nb3 Qe5 33. Qb4+ Kg8 34. Qa4 a5 35. Qc6 Qe2 0-1

[Event "BRA-ch Amateurs U2300"]
[Site "Sao Paulo"]
[Date "2024.06.01"]
[Round "5"]
[White "Ferreira de Souza, Ricardo"]
[Black "Mathias, Carlos Augusto De C"]
[Result "0-1"]
[WhiteElo "1593"]
[BlackElo "1717"]
[PlyCount "35"]
[EventDate "2024.05.30"]
[EventType "swiss"]
[EventRounds "7"]
[EventCountry "BRA"]
[SourceTitle "CBM 220 Extra"]
[Source "ChessBase"]
[SourceDate "2024.07.31"]
[SourceVersion "1"]
[SourceVersionDate "2024.07.31"]
[SourceQuality "1"]

1. e4 Nc6 2. d4 d5 3. exd5 Qxd5 4. Nf3 e5 5. c4 Qe4+ 6. Be3 Bg4 7. Nbd2 Bb4 8. dxe5 0-0-0 9. Qa4 Bxf3 10. gxf3 Bxd2+ 11. Kd1 Bxe3+ 12. Ke1 Bd2+ 13. Kd1 Bf4+ 14. Bd3 Rxd3+ 15. Kc2 Rxf3+ 16. Kd1 Qd3+ 17. Ke1 Qd2+ 18. Kf1 0-1

[Event "BRA-ch Amateurs U2300"]
[Site "Sao Paulo"]
[Date "2024.05.31"]
[Round "4"]
[White "Zhong, Lanxin"]
[Black "Mathias, Carlos Augusto De C"]
[Result "0-1"]
[WhiteElo "1714"]
[BlackElo "1717"]
[PlyCount "86"]
[EventDate "2024.05.30"]
[EventType "swiss"]
[EventRounds "7"]
[EventCountry "BRA"]
[SourceTitle "CBM 220 Extra"]
[Source "ChessBase"]
[SourceDate "2024.07.31"]
[SourceVersion "1"]
[SourceVersionDate "2024.07.31"]
[SourceQuality "1"]

1. e4 Nc6 2. d4 d5 3. e5 Bf5 4. Bb5 a6 5. Ba4 b5 6. Bb3 e6 7. Nf3 h6 8. 0-0 Na5 9. Be3 Qc8 10. Qd2 Nxb3 11. cxb3 Ne7 12. b4 Bxb1 13. Raxb1 Nf5 14. a3 Be7 15. Qd3 0-0 16. h3 Qd7 17. Bd2 Rfc8 18. Kh1 a5 19. g4 Nh4 20. Nxh4 Bxh4 21. bxa5 c5 22. dxc5 Rxc5 23. Rbc1 Rxc1 24. Rxc1 Bxf2 25. b4 Qb7 26. Qf3 Ba7 27. Kh2 Rc8 28. Kg2 Rxc1 29. Bxc1 Qc6 30. Bd2 Qc2 31. Qe2 Bd4 32. Kf1 Qb1+ 33. Be1 Qb3 34. Kg2 Qxa3 35. Bf2 Bxf2 36. Qxf2 Qxb4 37. a6 Qa4 38. a7 d4 39. Qxd4 Qxd4 40. a8Q+ Kh7 41. Qb8 b4 42. Qb7 Qd5+ 43. Qxd5 exd5 0-1

[Event "Joao Pessoa de Assis Memorial 3rd"]
[Site "Joao Pessoa"]
[Date "2023.10.21"]
[Round "4"]
[White "De Oliveira, Lincoln Robert Lem"]
[Black "Mathias, Carlos Augusto De C"]
[Result "1-0"]
[WhiteElo "1686"]
[BlackElo "1519"]
[PlyCount "84"]
[EventDate "2023.10.20"]
[EventType "swiss"]
[EventRounds "6"]
[EventCountry "BRA"]
[SourceTitle "CBM 216 Extra"]
[Source "ChessBase"]
[SourceDate "2023.11.30"]
[SourceVersion "1"]
[SourceVersionDate "2023.11.30"]
[SourceQuality "1"]

1. e4 c6 2. Nc3 d5 3. d4 dxe4 4. Nxe4 Nf6 5. Nxf6+ exf6 6. Bc4 Be7 7. Ne2 0-0 8. 0-0 Bg4 9. f3 Bh5 10. Bb3 Bd6 11. Bf4 Bg6 12. c4 a5 13. Bxd6 Qxd6 14. c5 Qc7 15. Nc3 Nd7 16. Qd2 Rad8 17. Qf2 f5 18. Rad1 Nf6 19. Na4 Nd5 20. Bxd5 Rxd5 21. Nb6 Rdd8 22. Qd2 Qe7 23. Rfe1 Qh4 24. g3 Qf6 25. Qd3 h5 26. Nc4 h4 27. Nxa5 Rd7 28. Nc4 hxg3 29. hxg3 Qg5 30. f4 Qf6 31. Ne5 Rd5 32. b4 Bh5 33. Rd2 Rfd8 34. Kf2 Ra8 35. a3 Qd8 36. Nc4 g5 37. Nb6 gxf4 38. Nxa8 Qxa8 39. gxf4 Qd8 40. Re5 Rd7 41. Rxf5 Bg6 42. Rg5 Rd5 1-0

[Event "Joao Pessoa op"]
[Site "Joao Pessoa"]
[Date "2023.03.18"]
[Round "4"]
[White "Leite, Joao Carlos Zirpoli"]
[Black "Mathias, Carlos Augusto De C"]
[Result "0-1"]
[WhiteElo "1638"]
[BlackElo "1511"]
[PlyCount "77"]
[EventDate "2023.03.17"]
[EventType "swiss"]
[EventRounds "6"]
[EventCountry "BRA"]
[SourceTitle "EXT 2024"]
[Source "ChessBase"]
[SourceDate "2023.10.10"]
[SourceVersion "1"]
[SourceVersionDate "2023.10.10"]
[SourceQuality "1"]

1. e4 d6 2. d4 Nd7 3. Be2 e5 4. d5 Be7 5. Be3 Bg5 6. Bxg5 Qxg5 7. Nf3 Qe7 8. Nc3 a6 9. Qd2 b5 10. a3 Nf8 11. Qg5 f6 12. Qd2 Ng6 13. g3 Bh3 14. 0-0-0 Nh6 15. Ne1 Ng4 16. Bxg4 Bxg4 17. f3 Bd7 18. Nd3 a5 19. f4 Qd8 20. fxe5 dxe5 21. Nc5 Bg4 22. Rdf1 b4 23. axb4 axb4 24. Nb1 Ra1 25. Qxb4 0-0 26. h3 Bd7 27. Rd1 Qe7 28. Qc4 Kh8 29. Ne6 Bxe6 30. dxe6 f5 31. h4 c5 32. Rd7 Qf6 33. Rhd1 Ne7 34. Qxc5 Qh6+ 35. R1d2 fxe4 36. Qg1 e3 37. Re2 Qxe6 38. Rxe3 Qxd7 39. b3 0-1

[Event "BRA-ch 88th"]
[Site "Recife"]
[Date "2022.12.20"]
[Round "8"]
[White "Cavalcante, Rodrigo Moreira"]
[Black "Mathias, Carlos Augusto De C"]
[Result "1-0"]
[WhiteElo "1801"]
[BlackElo "1486"]
[PlyCount "67"]
[EventDate "2022.12.15"]
[EventType "swiss"]
[EventRounds "11"]
[EventCountry "BRA"]
[SourceTitle "CBM 212 Extra"]
[Source "ChessBase"]
[SourceDate "2023.03.31"]
[SourceVersion "1"]
[SourceVersionDate "2023.03.31"]
[SourceQuality "1"]

1. d4 Nf6 2. c4 d6 3. Nc3 Nbd7 4. e4 e5 5. Nf3 c6 6. Bg5 Be7 7. Be2 Qc7 8. 0-0 Nf8 9. d5 h6 10. Be3 g5 11. Nd2 Ng6 12. g3 Bh3 13. Re1 Bd7 14. b4 Rg8 15. Kh1 Qc8 16. f3 Nh7 17. Nb3 h5 18. c5 g4 19. f4 h4 20. f5 Ngf8 21. Rc1 hxg3 22. hxg3 Qd8 23. Na5 Rb8 24. cxd6 Bg5 25. Qd2 Qf6 26. Kg2 Bxe3 27. Qxe3 Qxd6 28. Qxa7 Nf6 29. Red1 cxd5 30. Nxd5 Nxd5 31. Rxd5 Qxb4 32. Qxb8+ Ke7 33. f6+ Ke6 34. Qxe5# 1-0

[Event "BRA-ch 88th"]
[Site "Recife"]
[Date "2022.12.15"]
[Round "1"]
[White "Mathias, Carlos Augusto De C"]
[Black "Almeida Junior, Alvaro Alves de"]
[Result "0-1"]
[WhiteElo "1486"]
[BlackElo "2057"]
[PlyCount "44"]
[EventDate "2022.12.15"]
[EventType "swiss"]
[EventRounds "11"]
[EventCountry "BRA"]
[SourceTitle "CBM 212 Extra"]
[Source "ChessBase"]
[SourceDate "2023.03.31"]
[SourceVersion "1"]
[SourceVersionDate "2023.03.31"]
[SourceQuality "1"]

1. e4 c5 2. b4 cxb4 3. a3 bxa3 4. Nxa3 e6 5. Nf3 Nc6 6. Be2 Nf6 7. d3 d5 8. e5 Nd7 9. d4 f6 10. Bb2 fxe5 11. dxe5 Bb4+ 12. Kf1 0-0 13. h4 Qb6 14. Rb1 Ndxe5 15. Bxe5 Nxe5 16. Nd4 Qc5 17. Nab5 Nc6 18. Nf3 a6 19. Nbd4 Nxd4 20. Nxd4 e5 21. Nf3 e4 22. Qd4 exf3 0-1

[Event "Pan American-ch U1700"]
[Site "Timbo"]
[Date "2021.12.04"]
[Round "7"]
[White "Mathias, Carlos Augusto De C"]
[Black "Sonnenhohl, Walter Evaldo Franc"]
[Result "1-0"]
[WhiteElo "1461"]
[BlackElo "1669"]
[PlyCount "71"]
[EventDate "2021.12.01"]
[EventType "swiss"]
[EventRounds "9"]
[EventCountry "BRA"]
[SourceTitle "CBM 205 Extra"]
[Source "ChessBase"]
[SourceDate "2022.01.31"]
[SourceVersion "1"]
[SourceVersionDate "2022.01.31"]
[SourceQuality "1"]

1. d4 c5 2. d5 d6 3. Nc3 a6 4. a4 e5 5. e4 f5 6. Nf3 Nf6 7. Bg5 Be7 8. Bxf6 Bxf6 9. Nd2 0-0 10. Nc4 b6 11. Bd3 f4 12. 0-0 Ra7 13. Be2 Raf7 14. a5 bxa5 15. Rxa5 g6 16. Qa1 Bh4 17. Bf3 Rg7 18. Na4 g5 19. Be2 g4 20. g3 f3 21. Bd3 Rg6 22. Nab6 Rh6 23. Nxc8 Qxc8 24. Ne3 Bd8 25. Ra4 Qd7 26. Rd1 Qg7 27. Nf5 Rxf5 28. exf5 Rh3 29. Qc1 Nd7 30. Bf1 Rh5 31. h3 gxh3 32. Qe3 h2+ 33. Kh1 e4 34. Raa1 Bg5 35. Qb3 Be7 36. Rxa6 1-0

[Event "Pan American-ch U1700"]
[Site "Timbo"]
[Date "2021.12.03"]
[Round "6"]
[White "Mathias, Carlos Augusto De C"]
[Black "Simas, Breno Matos"]
[Result "0-1"]
[WhiteElo "1461"]
[BlackElo "1689"]
[PlyCount "84"]
[EventDate "2021.12.01"]
[EventType "swiss"]
[EventRounds "9"]
[EventCountry "BRA"]
[SourceTitle "CBM 205 Extra"]
[Source "ChessBase"]
[SourceDate "2022.01.31"]
[SourceVersion "1"]
[SourceVersionDate "2022.01.31"]
[SourceQuality "1"]

1. e4 c6 2. d3 d5 3. Nd2 dxe4 4. Nxe4 Nd7 5. Bg5 Ngf6 6. Qe2 e6 7. Nf3 Be7 8. Bd2 0-0 9. h4 Qb6 10. Rb1 Nxe4 11. Qxe4 Nf6 12. Qe2 Bc5 13. c3 e5 14. Ng5 Bf5 15. Be3 Rad8 16. Bxc5 Qxc5 17. Ne4 Nxe4 18. dxe4 Be6 19. g4 Bxa2 20. Rc1 Bb3 21. Qf3 Rd6 22. h5 Rfd8 23. Be2 Rf6 24. Qg3 Rf4 25. Bf3 Rd3 26. Qh4 Rfxf3 27. h6 Qd6 28. Kf1 Qxh6 29. Qxh6 gxh6 30. Rxh6 Rh3 31. Rxh3 Rxh3 32. Kg2 Rd3 33. Ra1 a6 34. g5 Rd2 35. Ra5 Rxb2 36. Rxe5 Be6 37. Kg3 Rb5 38. Kf4 Rxe5 39. Kxe5 a5 40. Kd4 a4 41. c4 a3 42. Kc3 Bxc4 0-1

[Event "Pan American-ch U1700"]
[Site "Timbo"]
[Date "2021.12.03"]
[Round "5"]
[White "Nobre, Jailson Altair Barb"]
[Black "Mathias, Carlos Augusto De C"]
[Result "0-1"]
[WhiteElo "1616"]
[BlackElo "1461"]
[PlyCount "80"]
[EventDate "2021.12.01"]
[EventType "swiss"]
[EventRounds "9"]
[EventCountry "BRA"]
[SourceTitle "CBM 205 Extra"]
[Source "ChessBase"]
[SourceDate "2022.01.31"]
[SourceVersion "1"]
[SourceVersionDate "2022.01.31"]
[SourceQuality "1"]

1. Nf3 g6 2. c4 Bg7 3. g3 d6 4. Bg2 Nd7 5. Nc3 c6 6. b4 Ngf6 7. Bb2 0-0 8. d4 Nb6 9. c5 Nc4 10. Bc1 d5 11. 0-0 Bf5 12. Nd2 Nxd2 13. Bxd2 Re8 14. Qa4 e5 15. e3 exd4 16. exd4 a6 17. Rfe1 Qd7 18. Qb3 Ng4 19. Ne2 Re7 20. h3 Nf6 21. Kh2 Be4 22. a4 Rae8 23. Be3 Bxg2 24. Kxg2 Qf5 25. Nc3 h5 26. Rf1 Nh7 27. b5 Ng5 28. Bxg5 Qxg5 29. Rad1 h4 30. Rd3 hxg3 31. fxg3 Re3 32. Rf3 Rxf3 33. Rxf3 Bxd4 34. Rf4 Re3 35. Rg4 Qe5 36. bxa6 Re2+ 37. Kh1 Re1+ 38. Kh2 Qe3 39. Rxg6+ fxg6 40. h4 Qf2+ 0-1

[Event "Pan American-ch U1700"]
[Site "Timbo"]
[Date "2021.12.02"]
[Round "4"]
[White "Mathias, Carlos Augusto De C"]
[Black "De Abreu, Vinicius Lindoso"]
[Result "1-0"]
[WhiteElo "1461"]
[BlackElo "1581"]
[PlyCount "33"]
[EventDate "2021.12.01"]
[EventType "swiss"]
[EventRounds "9"]
[EventCountry "BRA"]
[SourceTitle "CBM 205 Extra"]
[Source "ChessBase"]
[SourceDate "2022.01.31"]
[SourceVersion "1"]
[SourceVersionDate "2022.01.31"]
[SourceQuality "1"]

1. d4 Nf6 2. Nc3 d5 3. Bf4 Bd7 4. e3 e6 5. a3 c5 6. Nf3 Nc6 7. Nb5 Rc8 8. Bd6 Ne7 9. Bc7 Qxc7 10. Nxc7+ Rxc7 11. Be2 Ng6 12. 0-0 cxd4 13. exd4 Bd6 14. Re1 0-0 15. Bd3 Rfc8 16. c3 Rd8 17. Ne5 1-0

[Event "Pan American-ch U1700"]
[Site "Timbo"]
[Date "2021.12.02"]
[Round "3"]
[White "Ramos, Rafael Cabreira"]
[Black "Mathias, Carlos Augusto De C"]
[Result "0-1"]
[WhiteElo "1748"]
[BlackElo "1461"]
[PlyCount "58"]
[EventDate "2021.12.01"]
[EventType "swiss"]
[EventRounds "9"]
[EventCountry "BRA"]
[SourceTitle "CBM 205 Extra"]
[Source "ChessBase"]
[SourceDate "2022.01.31"]
[SourceVersion "1"]
[SourceVersionDate "2022.01.31"]
[SourceQuality "1"]

1. e4 d6 2. Nf3 e5 3. d3 Be7 4. Be3 Nf6 5. Qd2 Nbd7 6. Be2 h6 7. Nc3 c6 8. 0-0 g5 9. Qd1 Nf8 10. Ne1 Ng6 11. Bh5 Nf4 12. Bxf4 gxf4 13. d4 Qc7 14. d5 Rg8 15. g3 Qb6 16. Kh1 Bh3 17. Ng2 Ng4 18. Qf3 Rg5 19. Bxg4 Bxg4 20. Qd3 f3 21. Ne3 Bh3 22. Rfd1 h5 23. Na4 Qc7 24. Nf5 Bg2+ 25. Kg1 Rg6 26. Nxe7 Kxe7 27. h4 Qd7 28. Qf1 Qh3 29. Qxg2 Qxg2# 0-1

[Event "BRA-ch Amateur U1600"]
[Site "Sao Paulo"]
[Date "2019.06.22"]
[Round "6"]
[White "Mathias, Carlos Augusto De C"]
[Black "Guedes, Lucas Caiche"]
[Result "1-0"]
[WhiteElo "1482"]
[BlackElo "1203"]
[PlyCount "63"]
[EventDate "2019.06.20"]
[EventType "swiss"]
[EventRounds "7"]
[EventCountry "BRA"]
[SourceTitle "CBM 195 Extra"]
[Source "ChessBase"]
[SourceDate "2020.05.31"]
[SourceVersion "1"]
[SourceVersionDate "2020.05.31"]
[SourceQuality "1"]

1. c4 e6 2. Nc3 Bb4 3. g3 Nf6 4. Bg2 Bxc3 5. bxc3 d5 6. Ba3 Nc6 7. cxd5 exd5 8. Qa4 Bd7 9. Qb3 Bc8 10. Nf3 Ne7 11. d3 0-0 12. c4 b6 13. 0-0 Re8 14. Bb2 Ng6 15. Rfe1 Bb7 16. Rad1 c5 17. cxd5 Bxd5 18. Qc3 Bxa2 19. Ng5 Rb8 20. d4 cxd4 21. Rxd4 Qc8 22. Qa3 Be6 23. Rc1 Qxc1+ 24. Bxc1 Rbc8 25. Nxe6 Rxe6 26. Bh3 Rxc1+ 27. Qxc1 Rxe2 28. Rd8+ Nf8 29. Qc8 Re1+ 30. Kg2 Ne8 31. Rxe8 Rxe8 32. Qxe8 1-0

[Event "Recife Tavares Memorial 2nd"]
[Site "Recife"]
[Date "2019.05.11"]
[Round "3"]
[White "Souza, Rafael Cabral de"]
[Black "Mathias, Carlos Augusto De C"]
[Result "1-0"]
[WhiteElo "2092"]
[BlackElo "1485"]
[PlyCount "35"]
[EventDate "2019.05.10"]
[EventType "swiss"]
[EventRounds "6"]
[EventCountry "BRA"]
[SourceTitle "CBM 190 Extra"]
[Source "ChessBase"]
[SourceDate "2019.07.15"]
[SourceVersion "1"]
[SourceVersionDate "2019.07.15"]
[SourceQuality "1"]

1. e4 e6 2. d4 d5 3. Nc3 c5 4. Nf3 Nc6 5. Bb5 a6 6. Bxc6+ bxc6 7. Ne5 cxd4 8. Nxc6 Qb6 9. Nxd4 Bc5 10. Na4 Qa5+ 11. c3 Bd6 12. exd5 Qxd5 13. 0-0 Bb7 14. f3 Qe5 15. g3 Qh5 16. Nxe6 Be5 17. Nb6 Nf6 18. Nxg7+ 1-0

[Event "Natal Regiion-ch sf"]
[Site "Natal"]
[Date "2017.11.04"]
[Round "6"]
[White "Mathias, Carlos Augusto De C"]
[Black "Macedo, Alexandre Soares"]
[Result "0-1"]
[WhiteElo "1510"]
[BlackElo "1874"]
[PlyCount "107"]
[EventDate "2017.11.02"]
[EventType "swiss"]
[EventRounds "7"]
[EventCountry "BRA"]
[SourceTitle "CBM 181 Extra"]
[Source "ChessBase"]
[SourceDate "2017.12.12"]
[SourceVersion "1"]
[SourceVersionDate "2017.12.12"]
[SourceQuality "1"]

1. e4 c6 2. d4 d5 3. e5 Bf5 4. g4 Bg6 5. Nd2 e6 6. Nb3 Be7 7. Nf3 Nd7 8. Bd2 a6 9. Bd3 Bxd3 10. cxd3 Qc7 11. Qc2 f6 12. Bc3 Nh6 13. Rg1 Nf7 14. Qe2 0-0-0 15. 0-0-0 Rhe8 16. Kb1 Bf8 17. Rge1 Kb8 18. Rc1 Rc8 19. Nfd2 Qd8 20. f4 g6 21. f5 exf5 22. gxf5 gxf5 23. e6 Nb6 24. Qh5 Ng5 25. h4 Nxe6 26. Qxf5 Ng7 27. Qxh7 Qd6 28. Rxe8 Rxe8 29. Nc5 Qg3 30. Ndb3 Qg4 31. Na5 Bxc5 32. dxc5 Nd7 33. Nb3 Nh5 34. Re1 Rxe1+ 35. Bxe1 Qd1+ 36. Nc1 Nxc5 37. Bf2 b6 38. Bxc5 bxc5 39. Qg8+ Kc7 40. Qf7+ Kd6 41. Qf8+ Ke5 42. Qxc5 Kf4 43. Qc3 Kf5 44. Qxc6 Qh1 45. Qxa6 Ng3 46. Qc8+ Kf4 47. a4 Qe1 48. Qc7+ Kg4 49. a5 Ne2 50. Qc2 Nxc1 51. Qxc1 Qxa5 52. Qc3 Qxc3 53. bxc3 f5 54. Kc2 0-1

[Event "Recife Arraes Memorial 10th"]
[Site "Recife"]
[Date "2017.10.08"]
[Round "5"]
[White "Da Silva, Anderson Vieira"]
[Black "Mathias, Carlos Augusto De C"]
[Result "1-0"]
[WhiteElo "1812"]
[BlackElo "1535"]
[PlyCount "103"]
[EventDate "2017.10.06"]
[EventType "swiss"]
[EventRounds "6"]
[EventCountry "BRA"]
[SourceTitle "CBM 181 Extra"]
[Source "ChessBase"]
[SourceDate "2017.12.12"]
[SourceVersion "1"]
[SourceVersionDate "2017.12.12"]
[SourceQuality "1"]

1. e4 Nc6 2. d4 e5 3. d5 Nce7 4. Bg5 h6 5. Bh4 g5 6. Bg3 Ng6 7. Nf3 d6 8. Nbd2 Bg7 9. Be2 a6 10. Nc4 Nf6 11. Qd3 Nh5 12. Ne3 Bd7 13. 0-0-0 Nhf4 14. Qd2 Nxe2+ 15. Qxe2 b5 16. h4 g4 17. Nd2 h5 18. Nf5 Bxf5 19. exf5 Ne7 20. Qd3 Qc8 21. Ne4 f6 22. Bxe5 Bh6+ 23. Kb1 fxe5 24. f6 Nf5 25. Ng5 Bxg5 26. hxg5 Kf7 27. f4 exf4 28. Qe4 Qd7 29. Qxf4 Rae8 30. Rd3 Re5 31. Qd2 Kg6 32. Ra3 Ra8 33. g3 Qf7 34. Rd3 Rae8 35. Rd1 Ne3 36. Rh1 Nxd5 37. Qh2 Re1+ 38. Rd1 Rxd1+ 39. Rxd1 Qe6 40. Qh1 c6 41. a3 Qe4 42. Qh4 Qf5 43. f7 Qxf7 44. Qh1 Qf5 45. Rf1 Qe4 46. Qg1 Kxg5 47. Qa7 Qg6 48. Qd7 Re2 49. Qxc6 Rd2 50. Qc8 Nf6 51. Qc3 Rd5 52. Qe3# 1-0

[Event "Recife Arraes Memorial 10th"]
[Site "Recife"]
[Date "2017.10.08"]
[Round "6"]
[White "Mathias, Carlos Augusto De C"]
[Black "Melo, Fernando Antonio Al"]
[Result "0-1"]
[WhiteElo "1535"]
[BlackElo "1804"]
[PlyCount "78"]
[EventDate "2017.10.06"]
[EventType "swiss"]
[EventRounds "6"]
[EventCountry "BRA"]
[SourceTitle "CBM 181 Extra"]
[Source "ChessBase"]
[SourceDate "2017.12.12"]
[SourceVersion "1"]
[SourceVersionDate "2017.12.12"]
[SourceQuality "1"]

1. e4 d6 2. Nf3 Nf6 3. Nc3 g6 4. d4 Bg7 5. h3 0-0 6. Be3 Nc6 7. Qd2 e5 8. d5 Ne7 9. Be2 Bd7 10. Nh2 a6 11. Bh6 b5 12. Bxg7 Kxg7 13. b4 a5 14. Rb1 axb4 15. Rxb4 c5 16. dxc6 Bxc6 17. Bxb5 Rb8 18. a4 Qa5 19. Rc4 Bxb5 20. axb5 Qa1+ 21. Qd1 Qxd1+ 22. Kxd1 Rfd8 23. Nf3 d5 24. exd5 Nexd5 25. Ke2 Nxc3+ 26. Rxc3 Rxb5 27. Rd1 Rxd1 28. Kxd1 Ne4 29. Re3 f5 30. Ke2 Rc5 31. c4 Kf6 32. Nd2 Nxd2 33. Kxd2 Rxc4 34. Rd3 Ke6 35. Re3 Re4 36. Rxe4 fxe4 37. Ke3 Kd5 38. g4 h5 39. gxh5 gxh5 0-1

[Event "Recife Arraes Memorial 10th"]
[Site "Recife"]
[Date "2017.10.06"]
[Round "2"]
[White "Assuncao, Jose Ribamar da Cos"]
[Black "Mathias, Carlos Augusto De C"]
[Result "1-0"]
[WhiteElo "1680"]
[BlackElo "1535"]
[PlyCount "93"]
[EventDate "2017.10.06"]
[EventType "swiss"]
[EventRounds "6"]
[EventCountry "BRA"]
[SourceTitle "CBM 181 Extra"]
[Source "ChessBase"]
[SourceDate "2017.12.12"]
[SourceVersion "1"]
[SourceVersionDate "2017.12.12"]
[SourceQuality "1"]

1. e4 Nc6 2. d4 e5 3. d5 Nce7 4. Nf3 Ng6 5. a3 Nf6 6. Nc3 Bc5 7. h3 a6 8. Bc4 b5 9. Bb3 d6 10. Qe2 h6 11. g3 0-0 12. Be3 Bxe3 13. Qxe3 Rb8 14. 0-0-0 Bd7 15. g4 Nh7 16. Ne2 a5 17. Nd2 a4 18. Ba2 Qc8 19. f4 exf4 20. Nxf4 Ne5 21. Qg3 Qb7 22. Qc3 Rfc8 23. Nd3 Nxd3+ 24. Qxd3 b4 25. axb4 Qxb4 26. Qa3 Qb7 27. Rhf1 Nf8 28. Rf2 Ng6 29. Nf3 Qb6 30. Rdf1 Bb5 31. c4 Be8 32. Rc2 Qa6 33. Nd4 Ne5 34. Nf5 Ng6 35. h4 Kf8 36. g5 hxg5 37. hxg5 Rb7 38. Qh3 Bd7 39. Qh7 Bxf5 40. exf5 Ne7 41. f6 gxf6 42. gxf6 Ng6 43. Qg7+ Ke8 44. Re1+ Ne5 45. Rxe5+ dxe5 46. Qg8+ Kd7 47. Qxf7+ 1-0

[Event "Recife op 4th"]
[Site "Recife"]
[Date "2017.04.22"]
[Round "5"]
[White "Leite, Henrique Bezerra"]
[Black "Mathias, Carlos Augusto De C"]
[Result "1-0"]
[WhiteElo "1957"]
[BlackElo "1485"]
[PlyCount "64"]
[EventDate "2017.04.20"]
[EventType "swiss"]
[EventRounds "6"]
[EventCountry "BRA"]
[SourceTitle "EXT 2018"]
[Source "ChessBase"]
[SourceDate "2017.10.13"]
[SourceVersion "1"]
[SourceVersionDate "2017.10.13"]
[SourceQuality "1"]

1. d4 Nf6 2. Nf3 g6 3. g3 Bg7 4. Bg2 0-0 5. 0-0 c6 6. c3 d6 7. Na3 Nbd7 8. Re1 c5 9. e4 e5 10. dxc5 dxc5 11. Nc4 Ne8 12. Bg5 f6 13. Qd5+ Kh8 14. Nfxe5 Qe7 15. Nxd7 Qxd7 16. Qxd7 Bxd7 17. Be3 Rc8 18. Red1 Bg4 19. f3 Be6 20. Nd6 Nxd6 21. Rxd6 Rfe8 22. Bf1 Bf8 23. Rd2 a6 24. c4 f5 25. e5 Be7 26. f4 Kg7 27. Rad1 h6 28. b3 Rh8 29. Bg2 b5 30. Bb7 Rcd8 31. Bxa6 b4 32. Rxd8 Bxd8 1-0

[Event "Recife op 4th"]
[Site "Recife"]
[Date "2017.04.22"]
[Round "4"]
[White "Mathias, Carlos Augusto De C"]
[Black "Da Silva, Anderson Vieira"]
[Result "1-0"]
[WhiteElo "1485"]
[BlackElo "1822"]
[PlyCount "83"]
[EventDate "2017.04.20"]
[EventType "swiss"]
[EventRounds "6"]
[EventCountry "BRA"]
[SourceTitle "EXT 2018"]
[Source "ChessBase"]
[SourceDate "2017.10.13"]
[SourceVersion "1"]
[SourceVersionDate "2017.10.13"]
[SourceQuality "1"]

1. c4 e5 2. g3 f5 3. d3 Nf6 4. Bg2 c6 5. Nc3 Bc5 6. e3 0-0 7. Nge2 d6 8. 0-0 Nbd7 9. Na4 Bb6 10. b3 Ng4 11. h3 Ngf6 12. Kh2 Bc7 13. f4 Qe8 14. Nac3 Bb6 15. e4 Ng4+ 16. hxg4 fxg4 17. d4 Qh5+ 18. Kg1 exd4 19. Nxd4 Nc5 20. Nce2 Ne6 21. Be3 Rf6 22. Kf2 Nxf4 23. gxf4 Bd7 24. Ng3 Qe5 25. Ke2 Qa5 26. Qd2 Qa6 27. Kf2 Raf8 28. f5 g6 29. Bh6 R8f7 30. Bg5 Re6 31. Ke3 d5 32. fxe6 Rxf1 33. Rxf1 Bxe6 34. Qf2 Qa3 35. Bh6 Bf5 36. exf5 Qc5 37. Nge2 dxc4 38. f6 Kf7 39. Qf4 c3 40. Qxg4 Qe5+ 41. Be4 Qc7 42. Qe6# 1-0